| 000 | 00389nam a2200157Ia 4500 | ||
|---|---|---|---|
| 008 | 151213s9999 xx 000 0 und d | ||
| 100 | _aM. R. Leenders | ||
| 245 |
_aPurchasing & Materials Management _cM. R. Leenders |
||
| 250 | _a9th | ||
| 260 |
_aBoston _bIrwin _c1989 |
||
| 300 | _a2710 p. | ||
| 650 | _aMarketing | ||
| 650 | _aMarketing | ||
| 700 | _aM. R. Leenders | ||
| 999 |
_c1821 _d1821 |
||